[Event "Bogota University op 9th"]
[Site "Bogota"]
[Date "2015.10.10"]
[Round "6"]
[White "Rubio Junguito, Andres"]
[Black "Otalora Pacheco, Carlos Eduardo"]
[Result "0-1"]
[WhiteElo "1974"]
[BlackElo "2070"]
[PlyCount "41"]
[EventDate "2015.10.08"]
[EventType "swiss"]
[EventRounds "9"]
[EventCountry "COL"]
[SourceTitle "CBM 168 Extra"]
[Source "ChessBase"]
[SourceDate "2015.10.29"]
[SourceVersion "1"]
[SourceVersionDate "2015.10.29"]
[SourceQuality "1"]

1. d4 d5 2. c4 e6 3. e3 Nf6 4. Nd2 c5 5. Ngf3 Nc6 6. cxd5 exd5 7. Bd3 Be7 8. dxc5 Bxc5 9. a3 0-0 10. b4 Bd6 11. Bb2 Qe7 12. Nd4 Ne5 13. Bf5 Bxf5 14. Nxf5 Qd7 15. Qb1 Bc7 16. 0-0 Rfe8 17. f4 Neg4 18. Qd3 Bb6 19. Rf3 Ne4 20. Nxe4 Rxe4 21. Bd4 0-1